Precalculus

Bibliographic Details
Main Authors: Larson, Ron, Hostetler, Robert, Edwars, Bruce H
Format: Section = Libro
Language:Undetermined
Spanish
Published: United States Houghton Mifflin Company 2007
Edition:7a.ed.
Subjects:
LEADER 00636nam a2200253Ia 4500
008 240829s9999 xx 000 0 und d
020 |a 978-0-618-64346 
040 |a BIBLIOTECA-RUSB/ 515 L318 
041 |a spa 
082 |a 515 L318 
100 1 |a Larson, Ron 
100 1 |b  Hostetler, Robert 
100 1 |c  Edwars, Bruce H 
245 1 0 |a Precalculus 
250 |a 7a.ed. 
260 |a United States  |b Houghton Mifflin Company  |c 2007 
300 |a 1150 p. :il. 
650 7 |a CALCULO 
650 7 |b  DERIVADAS - MATEMATICAS 
650 7 |c  INTEGRALES 
650 7 |d  FUNCIONE EXPONENCIALES 
942 |c BK  |2 ddc 
991 |a TEXTO 
999 |c 1580